LEADER 00802nam0-22002891i-450- 001 990001056080403321 035 $a000105608 035 $aFED01000105608 035 $a(Aleph)000105608FED01 035 $a000105608 100 $a20000920d1973----km-y0itay50------ba 101 0 $aeng 200 1 $aIntroduction to Lie Groups and Lie Algebras$fArthur A. Sagle 210 $aNew York$cAcademic Press$d1973 610 0 $aTeoria dei gruppi 610 0 $aPrincipi di simmetria 676 $a52 700 1$aSagle,$bArthur A.$050339 702 1$aWalde,$bRalph E. 801 0$aIT$bUNINA$gRICA$2UNIMARC 901 $aBK 912 $a990001056080403321 952 $a10A-148$b9828$fFI1 959 $aFI1 996 $aIntroduction to Lie Groups and Lie Algebras$9340511 997 $aUNINA DB $aING01 LEADER 01272nam 2200349Ia 450 001 996383766803316 005 20221107144053.0 035 $a(CKB)1000000000581640 035 $a(EEBO)2240850271 035 $a(UnM)9929091100971 035 $a(UnM)99899847 035 $a(EXLCZ)991000000000581640 100 $a19980723d1650 uy | 101 0 $aeng 135 $aurbn||||a|bb| 200 10$aStirling, 24 October, 1650. Ante-meridiem. A short warning, from the Commission of the Generall Assemblie; concerning the malignants now in arms$b[electronic resource] 210 $a[London $cs.n.$d1650] 215 $a4 p 300 $aPlace and date of publication from Wing. 300 $aSigned at end: A. Ker. 300 $aReproduction of original in the Folger Shakespeare Library, Washington, D.C.. 330 $aeebo-0055 607 $aScotland$xChurch history$y17th century$vEarly works to 1800 701 $aKer$b A$01001307 801 0$bCu-RivES 801 1$bCu-RivES 801 2$bCu-RivES 801 2$bWaOLN 906 $aBOOK 912 $a996383766803316 996 $aStirling, 24 October, 1650. Ante-meridiem. A short warning, from the Commission of the Generall Assemblie; concerning the malignants now in arms$92382765 997 $aUNISA